00281nam a2200121Ia 4500008004100000100001800041245002200059260003200081300000800113650001400121942000700135999001700142190216s9999||||xx |||||||||||||| ||und|| aKumaranasan N 0aChandalabhikshuki bPoorna Pubs Kozhikodec1992 a71p aKavithkal cBK c24310d24310